01524nam a2200301 a 450000100060000000300080000600500170001400800390003103500190007004000320008904100080012108200320012910000280016124500790018926000410026830000250030950000830033450400320041765000570044965000500050665000470055694200120060399900170061595201550063295201550078795201400094295201400108235684BD-RjUL20211209052349.0140529s1982 bg b 001 0 eng a(BD-RjUL)35779 aDLCcDLCdDLCdBD-RjULbeng aeng00a331.110954923219bBAU 19820 aBarkat-e-Khuda.910864214aThe use of time and underemployment in rural Bangladesh /cBarkak-e-Khuda. aDacca :bUniversity of Dacca,c1982. axv, 205 p. ;c25 cm. aRevision of the author's thesis (Ph. D.--Australian National University, 1978) aBibliography: p. [188]-205. 0aManpower policy, RuralzBangladeshzBarkait.9108643 0aUnderemploymentzBangladeshzBarkait.9108644 0aLabor supplyzBangladeshzBarkait.9108645 2ddccBK c35684d35684 00102ddc40718NFICaRUCLbRUCLcReadingd1984-06-16eB. N. C. C of bookg75.00l0o331.110954923 BAU 1982r2014-05-29 00:00:00tC-1w2014-05-29yBK 00102ddc40708NFICaRUCLbRUCLcReadingd1984-06-16eB. N. C. C of bookg75.00l0o331.110954923 BAU 1982r2014-05-29 00:00:00tC-2w2014-05-29yBK 00102ddc40708NFICaRUCLbRUCLcStackd1978-10-07eu.g.cg75.00l0o331.110954923 BAU 1982r2014-06-18 00:00:00tC-3w2014-06-18yBK 00102ddc40708NFICaRUCLbRUCLcStackd1978-10-07eu.g.cg75.00l0o331.110954923 BAU 1982r2014-06-18 00:00:00tC-4w2014-06-18yBK